00646nam a2200205Ia 4500003000400000008004100004020002300045040000800068100002100076245004700097260003400144300001000178365001200188901002100200902004300221903005800264942001200322952008700334999001900421LDD181029s9999 xx 000 0 und d a817169251c1100.00 cLDD aKhan, Masood Ali 0aIslam in the Arabic worldcMasood Ali Khan aNew DelhibCommonwealthc2006 a224p. b1100.00 a8403b25-01-2012 aSA/D/261/2011b31-01-2012cFdS-AeFTF aDiscount-15bReqst by : Mohammad Saleem  2ddccBK 00102ddc40709101568aLDDbLDDl0o297 Is41p084903r2018-11-01w2018-11-01yBK c101569d101569